<?xml version="1.0" encoding="UTF-8"?>
<record
    xmlns:xsi="http://www.w3.org/2001/XMLSchema-instance"
    xsi:schemaLocation="http://www.loc.gov/MARC21/slim http://www.loc.gov/standards/marcxml/schema/MARC21slim.xsd"
    xmlns="http://www.loc.gov/MARC21/slim">

  <leader>00548nam a22001577a 4500</leader>
  <controlfield tag="003">LRUA</controlfield>
  <controlfield tag="005">20220614154045.0</controlfield>
  <controlfield tag="008">220614b        xxu||||| |||| 00| 0 eng d</controlfield>
  <datafield tag="040" ind1=" " ind2=" ">
    <subfield code="c">rua </subfield>
  </datafield>
  <datafield tag="082" ind1=" " ind2=" ">
    <subfield code="2">MGR TIP 2013 B429 Or.</subfield>
  </datafield>
  <datafield tag="100" ind1=" " ind2=" ">
    <subfield code="9">15011</subfield>
    <subfield code="a">TIP SOPHARK,&#x1791;&#x17B7;&#x1796;&#x17D2;&#x179C; &#x179F;&#x17BB;&#x1797;&#x17D0;&#x1780;&#x17D2;&#x179A;&#x17D2;&#x178F;</subfield>
  </datafield>
  <datafield tag="245" ind1=" " ind2=" ">
    <subfield code="a">&#x17CC;impacts of dei ey community homestay on local livelihoods impovement and natural resource, pech chenda district,mondulkiri province.</subfield>
  </datafield>
  <datafield tag="260" ind1=" " ind2=" ">
    <subfield code="a">phnom penh </subfield>
    <subfield code="b">rua </subfield>
    <subfield code="c">2013</subfield>
  </datafield>
  <datafield tag="300" ind1=" " ind2=" ">
    <subfield code="a">xiii,52p,</subfield>
    <subfield code="b">ill,</subfield>
    <subfield code="c">29cm,</subfield>
  </datafield>
  <datafield tag="942" ind1=" " ind2=" ">
    <subfield code="2">ddc</subfield>
    <subfield code="c">NRM</subfield>
  </datafield>
  <datafield tag="999" ind1=" " ind2=" ">
    <subfield code="c">20233</subfield>
    <subfield code="d">20233</subfield>
  </datafield>
  <datafield tag="952" ind1=" " ind2=" ">
    <subfield code="0">0</subfield>
    <subfield code="1">0</subfield>
    <subfield code="2">ddc</subfield>
    <subfield code="4">0</subfield>
    <subfield code="6">MGR_TIP_2013_000000000000000_B429_OR</subfield>
    <subfield code="7">0</subfield>
    <subfield code="9">90121</subfield>
    <subfield code="a">LBB</subfield>
    <subfield code="b">LBB</subfield>
    <subfield code="c">B429</subfield>
    <subfield code="d">2022-06-14</subfield>
    <subfield code="o">MGR TIP 2013 B429 Or.</subfield>
    <subfield code="p">A066462</subfield>
    <subfield code="r">2022-06-14</subfield>
    <subfield code="w">2022-06-14</subfield>
    <subfield code="y">NRM</subfield>
  </datafield>
</record>
